| 000 | 00000nam##2200000za#4500 |
| 001 | 9.642189 |
| 003 | CaOODSP |
| 005 | 20210624223600 |
| 007 | cr ||||||||||| |
| 008 | 150407|1977||||xxc|||||o f|0| 0 fre|d |
| 040 | |aCaOODSP|bfre |
| 043 | |an-cn--- |
| 086 | 1 |aA73-1283/1977F-PDF |
| 110 | 1 |aCanada.|bAgriculture Canada. |bDivision de la consultation alimentaire. |
| 245 | 10|aClassement des aliments au Canada |h[ressource électronique] |
| 250 | |aRévision 1977 |
| 260 | |aOttawa - Ontario : |bAgriculture Canada. |c1977. |
| 300 | |a20p.|bill., tableaux |
| 500 | |aPublication historique numérisée par Agriculture et Agroalimentaire Canada. Éd. originale : 1966. |
| 590 | |a13-17-Supp|b2013-07-25 |
| 691 | 07|aAliment|2gcpds |
| 691 | 07|aÉvaluation|2gcpds |
| 691 | 07|aProduit agro-alimentaire|2gcpds |
| 775 | 08|tFood grading in Canada |w(CaOODSP)9.697823 |
| 856 | 40|ahttp://publications.gc.ca|qPDF|s1.11 Mo|uhttps://publications.gc.ca/collections/collection_2013/aac-aafc/agrhist/A73-1283-1977-fra.pdf |
| 986 | |a1283 |